000 00860nam a22002777a 4500
001 BR0903961
003 BR-BrBNA
005 20230928103055.0
007 ta
008 230509b bl.||||| |||| 00| 0 por d
040 _aBR-BrBNA
_bpor
_cBiblioteca Nacional de Agricultura
041 _a(Por)
072 _aT01
090 _ T01 BR0903961
100 1 _aFonseca, F. de O.C.
110 1 _aUniversidade Federal de Lavras, MG (Brasil)
_0Tese (Doutorado)
245 1 _aRemoção de compostos nitrogenados utilizando diferentes suportes impregnados com estanho
260 3 _aLavras, MG (Brasil):
_c2009.
300 _a98 p.
500 _aSummaries (Eng, Por); Several bibliography; 32 illus.; 6 tables
650 _aPOLUIÇÃO AMBIENTAL
650 _aCOMPOSTO NITROGENADO
650 _aESTANHO
909 _a202309
_bLucia
_c55
_dLucia Elande
942 _cBK
999 _c73602
_d73602